Dušan Kováč - 70

Podrobná bibliografia
Médium: Článok
Jazyk:slovenčina
ISSN:1335-7786
Predmet:

MARC

LEADER 00000nab a2200000 a 4500
001 vtls010467233
003 SK-MaSNL
005 20260303093824.0
008 131021c2012 xo ||||||||||||00 b|slo
015 |a SNBRB2012/11  |2 snkbucl 
038 |a SNKBUCL 
040 |a SNKBUCL  |b slo  |c SNKBUCL  |e AACR2 
041 0 |a slo 
044 |a xo  |c SK 
080 |a 930.1-051  |2 2001 
080 |a 929 Kováč, Dušan  |2 2001 
245 0 0 |a Dušan Kováč - 70  |c [autor] ŠAH 
500 |a V rubrike Pripomíname si 
600 1 7 |a Kováč, Dušan,  |d 1942-  |2 snkbucl  |9 88196 
650 0 7 |a slovenskí historici  |2 snkbucl  |9 652178 
655 7 |a profily  |2 snkbucl  |9 341977 
773 0 |t Slovenské pohľady  |g Roč. IV.+128., č. 1 (2012), s. 159  |x 1335-7786 
852 |a SNK  |b KIS3GCP 
958 |a SK 
958 |a BX 
999 |c 1817372  |d 1819302